Prueba de Japón - Estadísticas

Estadísticas generales
  • Esta prueba ha sido intentada 3.218 veces
  • La puntuación promedio es 13 de 23
Estadísticas de respuestas
Pista Respuesta % Correcto
Capital Tokio
99%
Moneda Yen
93%
Nombre para los cómics japoneses Manga
87%
La montaña más alta Fuji
83%
Apodo La tierra del {sol} {naciente}
78%
Bata japonesa usada en ocasiones formales Kimono
73%
Las religiones tradicionales Budismo
72%
Bebida alcohólica hecha de arroz fermentado Sake
68%
Antigua capital y ciudad de los templos Kioto
64%
Segunda área urbana más poblada Osaka
64%
El deporte más popular entre los espectadores Béisbol
58%
La nobleza militar del Japón preindustrial Samurái
56%
Deporte nacional Sumo
54%
Anfitriona y animadora tradicional Geisha
43%
Las islas principales Hokkaido
43%
Flor de árbol celebrado Sakura
42%
Nombre japonés para Japón Nihon
40%
La prefectura más meridional donde se inventó el karate Okinawa
33%
Las religiones tradicionales Sintoísmo
31%
Las islas principales Honshu
30%
Nombre anterior de la respuesta anterior Edo
28%
Las islas principales Kyushu
21%
Las islas principales Shikoku
16%
No se encontraron pruebas coincidentes
Distribución de puntuación
Porcentaje de gente con cada puntuación
Porcentaje por número respondido
Historial de tus puntuaciones
No has intentado esta prueba.